[Event "SWE-chT 0910"]
[Site "Sweden"]
[Date "2009.11.14"]
[Round "4"]
[White "Olsson, Anders"]
[Black "Norberg, Johan"]
[Result "0-1"]
[WhiteElo "2404"]
[BlackElo "2266"]
[PlyCount "100"]
[EventDate "2009.10.16"]
[EventType "team"]
[EventRounds "11"]
[EventCountry "SWE"]
[SourceTitle "EXT 2011"]
[Source "ChessBase"]
[SourceDate "2010.11.26"]
[SourceVersion "1"]
[SourceVersionDate "2010.11.26"]
[SourceQuality "1"]
[WhiteTeam "Stockholm Rockaden"]
[BlackTeam "Vasteras"]
[WhiteTeamCountry "SWE"]
[BlackTeamCountry "SWE"]

1. e4 g6 2. d4 Bg7 3. Nc3 d6 4. Be3 a6 5. Qd2 Nd7 6. h4 h6 7. 0-0-0 b5 8. f4 Bb7 9. Bd3 e5 10. dxe5 dxe5 11. Nf3 Ngf6 12. Nxe5 Nxe5 13. fxe5 Nd7 14. Nd5 c6 15. Nf6+ Nxf6 16. exf6 Qxf6 17. c3 Qe6 18. Bc2 0-0 19. Bb3 Qxe4 20. h5 g5 21. Rhf1 Bc8 22. Rde1 Bf5 23. Bc2 Qxc2+ 24. Qxc2 Bxc2 25. Kxc2 Rfe8 26. Bc5 Rad8 27. g4 Re5 28. b4 Rde8 29. Rxe5 Rxe5 30. Kd3 Rd5+ 31. Kc2 Be5 32. a4 Bd6 33. Be3 c5 34. axb5 axb5 35. bxc5 Bxc5 36. Bd2 Kg7 37. Rb1 Bd6 38. Be3 f5 39. gxf5 Kf6 40. Bd4+ Be5 41. Kd3 Kxf5 42. Rf1+ Bf4 43. Re1 g4 44. Re8 g3 45. Rf8+ Kg4 46. Ke4 Rxd4+ 47. cxd4 g2 48. Rxf4+ Kxh5 49. Rf5+ Kg6 50. Rf8 Kg7 0-1

[Event "SWE-chT 0809"]
[Site "Sweden"]
[Date "2009.03.13"]
[Round "9"]
[White "Gajic, Mladen"]
[Black "Olsson, Anders"]
[Result "0-1"]
[WhiteElo "2268"]
[BlackElo "2468"]
[PlyCount "39"]
[EventDate "2008.10.25"]
[EventType "team-tourn"]
[EventRounds "11"]
[EventCountry "SWE"]
[SourceTitle "EXT 2011"]
[Source "ChessBase"]
[SourceDate "2010.11.26"]
[SourceVersion "1"]
[SourceVersionDate "2010.11.26"]
[SourceQuality "1"]

1. e4 e6 2. d4 d5 3. e5 c5 4. c3 Qb6 5. Nf3 Nc6 6. Be2 Nh6 7. Na3 cxd4 8. cxd4 Bb4+ 9. Kf1 0-0 10. Nc2 Be7 11. g4 Bd7 12. Rg1 f6 13. exf6 Rxf6 14. g5 Rxf3 15. gxh6 Rf7 16. Bd3 Ne5 17. Bxh7+ Kxh7 18. Qh5 g5 19. Rg3 Raf8 20. Be3 0-1

[Event "SWE-chT 0809"]
[Site "Sweden"]
[Date "2009.02.07"]
[Round "7"]
[White "Olsson, Anders"]
[Black "Lindeman, Sven"]
[Result "1-0"]
[WhiteElo "2468"]
[BlackElo "2212"]
[PlyCount "159"]
[EventDate "2008.10.25"]
[EventType "team-tourn"]
[EventRounds "11"]
[EventCountry "SWE"]
[SourceTitle "EXT 2011"]
[Source "ChessBase"]
[SourceDate "2010.11.26"]
[SourceVersion "1"]
[SourceVersionDate "2010.11.26"]
[SourceQuality "1"]

1. e4 e5 2. Nf3 Nc6 3. Bc4 Nf6 4. d3 Bc5 5. 0-0 d6 6. c3 Bb6 7. Nbd2 Ne7 8. Bb3 Ng6 9. Re1 0-0 10. Nc4 Be6 11. a4 c6 12. Nxb6 Bxb3 13. Qxb3 Qxb6 14. Qa3 Qc7 15. d4 Rfe8 16. Bg5 Re6 17. Rad1 h6 18. d5 cxd5 19. exd5 Ree8 20. Bxf6 gxf6 21. Re4 f5 22. Rb4 Qe7 23. Qb3 Rab8 24. g3 f4 25. Qc2 Qd7 26. Nd2 Qh3 27. Qe4 f5 28. Qg2 Qh5 29. Re1 Re7 30. f3 Rg7 31. Re2 fxg3 32. hxg3 Nf4 33. gxf4 exf4 34. Rxf4 Rxg2+ 35. Rxg2+ Kh7 36. Nf1 Rg8 37. Ng3 Qg5 38. Rxf5 Qc1+ 39. Kh2 Rg5 40. Rf7+ Kg6 41. Rf8 Kg7 42. Rf5 Rxf5 43. Nxf5+ Kf6 44. Nd4 Qf4+ 45. Kg1 Ke5 46. a5 Kxd5 47. Rf2 Kc4 48. Ne2 Qg5+ 49. Kf1 Qxa5 50. f4 Qf5 51. Nd4 Qf6 52. f5 b5 53. Nc2 h5 54. Ne3+ Kd3 55. Nd5 Qf7 56. Nf4+ Ke4 57. Ne2 h4 58. f6 Ke3 59. Nd4 h3 60. Rf3+ Ke4 61. Rf2 a6 62. Kg1 b4 63. Kh2 bxc3 64. bxc3 a5 65. Ne6 Ke5 66. Ng5 Qxf6 67. Nf7+ Ke6 68. Rxf6+ Kxf6 69. Nxd6 a4 70. Nb5 Ke6 71. Kxh3 Kd5 72. Na3 Ke4 73. Kg4 Kd3 74. c4 Kd4 75. Kf4 Kc5 76. Ke3 Kb4 77. Kd3 Kxa3 78. c5 Kb4 79. c6 a3 80. Kc2 1-0

[Event "SWE-chT 0809"]
[Site "Sweden"]
[Date "2009.01.17"]
[Round "6"]
[White "Nilsson, Andre"]
[Black "Olsson, Anders"]
[Result "1-0"]
[WhiteElo "2333"]
[BlackElo "2468"]
[PlyCount "93"]
[EventDate "2008.10.25"]
[EventType "team-tourn"]
[EventRounds "11"]
[EventCountry "SWE"]
[SourceTitle "EXT 2011"]
[Source "ChessBase"]
[SourceDate "2010.11.26"]
[SourceVersion "1"]
[SourceVersionDate "2010.11.26"]
[SourceQuality "1"]

1. g3 g6 2. Bg2 Bg7 3. e4 e5 4. Ne2 Ne7 5. 0-0 0-0 6. c3 Nbc6 7. d4 exd4 8. cxd4 d5 9. e5 f6 10. f4 Bg4 11. Nbc3 Qd7 12. Be3 Rad8 13. Qd2 Bh3 14. Rad1 Bxg2 15. Kxg2 Nf5 16. Bf2 h5 17. Qd3 b6 18. Ng1 fxe5 19. dxe5 Nce7 20. Nf3 c5 21. Ng5 Qc6 22. Kg1 Bh6 23. Nf3 Kh7 24. Rfe1 Ng7 25. b3 Ne6 26. Ne2 d4 27. Nd2 Nd5 28. Ne4 Ng7 29. a3 Nf5 30. Rc1 Nde3 31. Bxe3 dxe3 32. Qc4 Kh8 33. b4 b5 34. Qc2 c4 35. N2c3 Rd3 36. Nc5 Nd4 37. Qg2 Qxg2+ 38. Kxg2 Rd2+ 39. Kh1 Nf3 40. Re2 Rfd8 41. Kg2 Nd4 42. Rxd2 exd2 43. Rd1 g5 44. Rxd2 gxf4 45. Rd1 f3+ 46. Kf2 Be3+ 47. Kxe3 1-0

[Event "EU-Cup 24th"]
[Site "Kallithea"]
[Date "2008.10.23"]
[Round "7"]
[White "Olsson, Anders"]
[Black "Gretarsson, Hjorvar Steinn"]
[Result "1-0"]
[WhiteElo "2404"]
[BlackElo "2284"]
[PlyCount "79"]
[EventDate "2008.10.17"]
[EventType "team-swiss"]
[EventRounds "7"]
[EventCountry "GRE"]
[SourceTitle "CBM 127"]
[Source "ChessBase"]
[SourceDate "2008.11.13"]
[SourceVersion "1"]
[SourceVersionDate "2008.11.13"]
[SourceQuality "1"]
[WhiteTeam "Stockholm Rockaden"]
[BlackTeam "Hellir"]
[WhiteTeamCountry "SWE"]
[BlackTeamCountry "ISL"]

1. e4 c5 2. Nc3 Nc6 3. f4 g6 4. Nf3 Bg7 5. Bb5 Nd4 6. 0-0 Nxb5 7. Nxb5 d6 8. d3 a6 9. Nc3 b5 10. Qe1 b4 11. Ne2 a5 12. a3 Bb7 13. f5 Qb6 14. Kh1 Nf6 15. Qh4 Nd7 16. axb4 axb4 17. Rxa8+ Bxa8 18. Ng3 Qa6 19. b3 Qa2 20. Ne1 Bc3 21. Bg5 h6 22. Be3 g5 23. Qg4 Bxe1 24. Rxe1 Qxc2 25. f6 e6 26. d4 Nxf6 27. Qf3 Nxe4 28. dxc5 g4 29. Qxg4 Qc3 30. Qe2 Nxg3+ 31. hxg3 Bc6 32. cxd6 Kd7 33. Rc1 Qxb3 34. Qa6 Rc8 35. Qa7+ Kxd6 36. Bc5+ Kd5 37. Qxf7 Qxg3 38. Qh5+ e5 39. Qf7+ Ke4 40. Bf2 1-0

[Event "EU-Cup 24th"]
[Site "Kallithea"]
[Date "2008.10.22"]
[Round "6"]
[White "Moen, Andreas"]
[Black "Olsson, Anders"]
[Result "1-0"]
[WhiteElo "2353"]
[BlackElo "2404"]
[PlyCount "93"]
[EventDate "2008.10.17"]
[EventType "team-swiss"]
[EventRounds "7"]
[EventCountry "GRE"]
[SourceTitle "CBM 127"]
[Source "ChessBase"]
[SourceDate "2008.11.13"]
[SourceVersion "1"]
[SourceVersionDate "2008.11.13"]
[SourceQuality "1"]
[WhiteTeam "OSS"]
[BlackTeam "Stockholm Rockaden"]
[WhiteTeamCountry "NOR"]
[BlackTeamCountry "SWE"]

1. e4 e6 2. d4 d5 3. Nd2 Nf6 4. e5 Nfd7 5. Bd3 c5 6. c3 Nc6 7. Ne2 cxd4 8. cxd4 f6 9. exf6 Nxf6 10. Nf3 Bd6 11. 0-0 Qc7 12. Bg5 0-0 13. Rc1 Bd7 14. Nc3 a6 15. Re1 h6 16. Bd2 Ng4 17. g3 Nxd4 18. Nxd4 Nxf2 19. Qe2 Bxg3 20. Ne4 Bxh2+ 21. Kg2 Bc6 22. Rxc6 bxc6 23. Nxe6 Qe5 24. Nxf8 Nxd3 25. Qxd3 Rxf8 26. Ng5 Qf5 27. Qxf5 Rxf5 28. Re8+ Rf8 29. Rxf8+ Kxf8 30. Kxh2 hxg5 31. Bxg5 Kf7 32. Kg3 Ke6 33. Kf4 c5 34. Ke3 a5 35. a4 Ke5 36. Bf4+ Ke6 37. Bc7 Kd7 38. Bxa5 Kc6 39. Bd8 Kd7 40. Bg5 Kc6 41. Be7 g6 42. Kf4 Kb6 43. Ke5 d4 44. Kd5 d3 45. Bg5 Ka5 46. Kxc5 Kxa4 47. b4 1-0

[Event "EU-Cup 24th"]
[Site "Kallithea"]
[Date "2008.10.20"]
[Round "4"]
[White "Olsson, Anders"]
[Black "Ilic, Ljubomir"]
[Result "1-0"]
[WhiteElo "2404"]
[BlackElo "2297"]
[PlyCount "35"]
[EventDate "2008.10.17"]
[EventType "team-swiss"]
[EventRounds "7"]
[EventCountry "GRE"]
[SourceTitle "CBM 127"]
[Source "ChessBase"]
[SourceDate "2008.11.13"]
[SourceVersion "1"]
[SourceVersionDate "2008.11.13"]
[SourceQuality "1"]
[WhiteTeam "Stockholm Rockaden"]
[BlackTeam "Skopje Gambit Peksim"]
[WhiteTeamCountry "SWE"]
[BlackTeamCountry "MKD"]

1. e4 d5 2. exd5 Qxd5 3. Nc3 Qa5 4. d4 Nf6 5. Bc4 Bg4 6. f3 Bf5 7. Bd2 Qb6 8. Nge2 c6 9. g4 Bg6 10. a4 h6 11. Nf4 Qxd4 12. Nxg6 fxg6 13. Qe2 Nbd7 14. 0-0-0 Qe5 15. Be3 b5 16. f4 Qc7 17. Be6 0-0-0 18. Rd3 1-0

[Event "EU-Cup 24th"]
[Site "Kallithea"]
[Date "2008.10.17"]
[Round "1"]
[White "Olsson, Anders"]
[Black "Naiditsch, Arkadij"]
[Result "1/2-1/2"]
[WhiteElo "2404"]
[BlackElo "2678"]
[PlyCount "97"]
[EventDate "2008.10.17"]
[EventType "team-swiss"]
[EventRounds "7"]
[EventCountry "GRE"]
[SourceTitle "CBM 127"]
[Source "ChessBase"]
[SourceDate "2008.11.13"]
[SourceVersion "1"]
[SourceVersionDate "2008.11.13"]
[SourceQuality "1"]
[WhiteTeam "Stockholm Rockaden"]
[BlackTeam "Baden-Baden"]
[WhiteTeamCountry "SWE"]
[BlackTeamCountry "GER"]

1. e4 e5 2. Nf3 Nc6 3. Bc4 Nf6 4. d3 Be7 5. 0-0 0-0 6. Nbd2 d6 7. c3 Na5 8. Bb5 a6 9. Ba4 b5 10. Bc2 c5 11. Re1 Nc6 12. Nf1 Re8 13. Ng3 Bf8 14. h3 Bb7 15. d4 cxd4 16. cxd4 exd4 17. Nxd4 Nxd4 18. Qxd4 Rc8 19. Bb3 d5 20. e5 Ne4 21. Nxe4 dxe4 22. Qxd8 Rcxd8 23. Bg5 Rc8 24. e6 fxe6 25. Rad1 h6 26. Bf4 Kf7 27. Rd7+ Re7 28. Rd6 g5 29. Be5 Rc5 30. Bc3 Rf5 31. Red1 Bd5 32. Bxd5 Rxd5 33. R1xd5 exd5 34. Rxd5 Rc7 35. Rf5+ Kg8 36. Kf1 Bg7 37. a4 Bxc3 38. bxc3 bxa4 39. Ra5 Rxc3 40. Rxa4 Rc6 41. Rxe4 a5 42. Re8+ Kf7 43. Ra8 Rc5 44. Ra6 h5 45. Ke2 Ke7 46. g4 h4 47. f4 gxf4 48. Kf3 Rc3+ 49. Kxf4 1/2-1/2

[Event "SWE-chT 0708"]
[Site "Sweden"]
[Date "2008.03.08"]
[Round "10"]
[White "Ivarsson, Stefan"]
[Black "Olsson, Anders"]
[Result "1-0"]
[WhiteElo "2311"]
[BlackElo "2484"]
[PlyCount "83"]
[EventDate "2007.10.19"]
[EventType "team"]
[EventRounds "11"]
[EventCountry "SWE"]
[SourceTitle "EXT 2009"]
[Source "ChessBase"]
[SourceDate "2008.11.26"]
[SourceVersion "1"]
[SourceVersionDate "2008.11.26"]
[SourceQuality "1"]
[WhiteTeam "Astorp"]
[BlackTeam "Stockholm Rockaden"]
[WhiteTeamCountry "SWE"]
[BlackTeamCountry "SWE"]

1. g3 g6 2. Bg2 Bg7 3. c4 d6 4. Nc3 e5 5. d3 Ne7 6. e4 0-0 7. Nge2 c6 8. Bg5 Be6 9. Qd2 f6 10. Be3 a6 11. b3 b5 12. 0-0 Nd7 13. cxb5 axb5 14. d4 Qb8 15. Rfd1 Rd8 16. h3 Nb6 17. Rac1 Bf7 18. Rc2 b4 19. Nb1 exd4 20. Qxd4 c5 21. Qd3 Nc6 22. f4 Ra7 23. Bf2 Rad7 24. Nd2 Ne7 25. Qe3 f5 26. g4 Re8 27. Qf3 Kh8 28. Ng3 fxe4 29. Ndxe4 Ned5 30. Rd3 Bg8 31. Rcd2 Rf8 32. f5 Be5 33. Qd1 Nf4 34. Rxd6 Rxd6 35. Rxd6 Nbd5 36. Bxc5 Nxg2 37. Bd4 Re8 38. Bxe5+ Rxe5 39. Qd4 Qe8 40. Kxg2 Bf7 41. Kf2 Kg7 42. Re6 1-0

[Event "SWE-chT 0506"]
[Site "Sweden"]
[Date "2006.??.??"]
[Round "6"]
[White "Welin, Thomas"]
[Black "Olsson, Anders"]
[Result "1-0"]
[WhiteElo "2382"]
[BlackElo "2504"]
[PlyCount "78"]
[EventDate "2005.10.??"]
[EventType "team"]
[EventRounds "11"]
[EventCountry "SWE"]
[SourceTitle "EXT 2008"]
[Source "ChessBase"]
[SourceDate "2007.11.25"]
[SourceVersion "1"]
[SourceVersionDate "2007.11.25"]
[SourceQuality "1"]
[WhiteTeam "Sodra"]
[BlackTeam "Stockholm Rockaden"]
[WhiteTeamCountry "SWE"]
[BlackTeamCountry "SWE"]

1. c4 g6 2. e4 Bg7 3. d4 d6 4. Nc3 Nf6 5. Be2 0-0 6. Nf3 e5 7. 0-0 Nc6 8. d5 Ne7 9. b4 a5 10. bxa5 Ne8 11. Nd2 f5 12. Nb3 Kh8 13. a4 Ng8 14. exf5 gxf5 15. f4 Nh6 16. Ra2 Nf6 17. c5 Nfg4 18. Nb5 Rg8 19. Rc2 exf4 20. Bxf4 Be5 21. h3 Bxf4 22. Rxf4 Ne5 23. Qd4 Rg7 24. Rf2 Nhf7 25. cxd6 cxd6 26. Rc7 Bd7 27. Rxb7 Qe7 28. Nc7 Rag8 29. Ne6 Rg3 30. Kf1 Ng5 31. Nbc5 Nxe6 32. dxe6 Qg5 33. Nxd7 Rxh3 34. Ke1 Rh1+ 35. Rf1 Qc1+ 36. Bd1 Rxf1+ 37. Kxf1 Rg4 38. e7 Rxd4 39. e8Q+ Kg7 1-0

[Event "EU-Cup 21st"]
[Site "Saint Vincent"]
[Date "2005.09.23"]
[Round "6.5"]
[White "Olsson, Anders"]
[Black "Pulkkinen, Kari"]
[Result "1-0"]
[WhiteElo "2416"]
[BlackElo "2326"]
[PlyCount "77"]
[EventDate "2005.09.18"]
[EventType "team-swiss"]
[EventRounds "7"]
[EventCountry "ITA"]
[SourceTitle "CBM 110"]
[Source "ChessBase"]
[SourceDate "2006.01.31"]
[SourceVersion "1"]
[SourceVersionDate "2006.01.31"]
[SourceQuality "1"]
[WhiteTeam "Stockholm"]
[BlackTeam "Matinkylan"]
[WhiteTeamCountry "SWE"]
[BlackTeamCountry "FIN"]

1. e4 c5 2. Nf3 d6 3. d4 cxd4 4. Nxd4 Nf6 5. Nc3 Nc6 6. Bg5 e6 7. Qd2 a6 8. 0-0-0 h6 9. Nxc6 bxc6 10. Bf4 d5 11. Qe3 Qa5 12. Be2 Bb4 13. Be5 Bxc3 14. Bxc3 Qxa2 15. Bd3 dxe4 16. Bxe4 Qa1+ 17. Kd2 Qa4 18. Bxf6 gxf6 19. b3 Qa5+ 20. Ke2 Bd7 21. Qd4 Qh5+ 22. Ke3 0-0-0 23. Qa7 Qe5 24. Qxa6+ Kc7 25. Qa7+ Kc8 26. Rd4 Qb8 27. Qa5 Qb5 28. Qxb5 cxb5 29. Ra1 f5 30. Ra8+ Kc7 31. Ra7+ Kb6 32. Rb7+ Ka6 33. Rbxd7 Rxd7 34. Rxd7 fxe4 35. Rxf7 Rc8 36. c4 bxc4 37. bxc4 Rxc4 38. Rf6 Rc3+ 39. Kxe4 1-0

[Event "SWE-ch"]
[Site "Gothenburg"]
[Date "2005.07.15"]
[Round "13"]
[White "Ernst, Thomas"]
[Black "Olsson, Anders"]
[Result "1/2-1/2"]
[WhiteElo "2459"]
[BlackElo "2416"]
[PlyCount "92"]
[EventDate "2005.07.02"]
[EventType "tourn"]
[EventRounds "15"]
[EventCountry "SWE"]
[SourceTitle "CBM 107 Extra"]
[Source "ChessBase"]
[SourceDate "2005.09.01"]
[SourceVersion "1"]
[SourceVersionDate "2005.09.01"]
[SourceQuality "1"]

1. d4 Nf6 2. c4 g6 3. Nc3 Bg7 4. e4 d6 5. f3 0-0 6. Be3 e5 7. d5 Nh5 8. Qd2 f5 9. 0-0-0 a5 10. Bd3 Na6 11. Nge2 Nc5 12. Bc2 fxe4 13. Nxe4 Nxe4 14. Bxe4 Bd7 15. Ng3 Nf6 16. Bc2 a4 17. h4 Be8 18. Ne4 Bf7 19. Nxf6+ Bxf6 20. g4 Qe7 21. g5 Bg7 22. Be4 Be8 23. Qc2 Bd7 24. h5 Bf5 25. hxg6 hxg6 26. Qh2 Qd7 27. Bxf5 Qxf5 28. f4 a3 29. b3 Rf7 30. fxe5 Bxe5 31. Qh3 Qe4 32. Rde1 Re8 33. Kd2 b5 34. Qh4 Qxh4 35. Rxh4 Bg3 36. Rhh1 Bxe1+ 37. Rxe1 bxc4 38. bxc4 Rfe7 39. Kd3 Rb8 40. Rh1 Rb2 41. Bd4 Rxa2 42. Rh8+ Kf7 43. Bf6 Ree2 44. Rh7+ Ke8 45. Rh8+ Kf7 46. Rh7+ Ke8 1/2-1/2

[Event "SWE-ch"]
[Site "Gothenburg"]
[Date "2005.07.10"]
[Round "8"]
[White "Carlsson, Pontus"]
[Black "Olsson, Anders"]
[Result "1-0"]
[WhiteElo "2394"]
[BlackElo "2416"]
[PlyCount "79"]
[EventDate "2005.07.02"]
[EventType "tourn"]
[EventRounds "15"]
[EventCountry "SWE"]
[SourceTitle "CBM 107 Extra"]
[Source "ChessBase"]
[SourceDate "2005.09.01"]
[SourceVersion "1"]
[SourceVersionDate "2005.09.01"]
[SourceQuality "1"]

1. e4 e6 2. d4 d5 3. Nd2 Nf6 4. e5 Nfd7 5. Bd3 c5 6. c3 Nc6 7. Ne2 cxd4 8. cxd4 f6 9. exf6 Qxf6 10. Nf3 Bd6 11. 0-0 h6 12. Be3 0-0 13. Bc2 Rf7 14. Ng3 Nf8 15. a3 Bd7 16. Qd2 Be8 17. b4 Rc7 18. Rac1 Rac8 19. Bb1 Bg6 20. Ba2 b5 21. Bb3 a5 22. bxa5 Bxa3 23. Rcd1 b4 24. Bf4 Ra7 25. Be5 Qf7 26. Bd6 Nxa5 27. Ne5 Nxb3 28. Qe2 Qe8 29. Bxf8 Bc2 30. Bxg7 Bxd1 31. Qxd1 Rxg7 32. Qxb3 Qe7 33. Qe3 Bb2 34. f4 b3 35. Nf3 Rc3 36. Qd2 Rc2 37. Qe3 Rc3 38. Qd2 Qa3 39. Qe2 Rc6 40. f5 1-0

[Event "SWE-ch"]
[Site "Gothenburg"]
[Date "2005.07.03"]
[Round "2"]
[White "Cramling, Pia"]
[Black "Olsson, Anders"]
[Result "1-0"]
[WhiteElo "2494"]
[BlackElo "2416"]
[PlyCount "73"]
[EventDate "2005.07.02"]
[EventType "tourn"]
[EventRounds "15"]
[EventCountry "SWE"]
[SourceTitle "CBM 107 Extra"]
[Source "ChessBase"]
[SourceDate "2005.09.01"]
[SourceVersion "1"]
[SourceVersionDate "2005.09.01"]
[SourceQuality "1"]

1. d4 Nf6 2. Nf3 g6 3. c4 Bg7 4. Nc3 d6 5. Bg5 0-0 6. e3 Nbd7 7. Be2 c6 8. 0-0 e5 9. h3 Qe7 10. Rc1 Re8 11. b4 Nf8 12. d5 Rd8 13. Nd2 h6 14. Bxf6 Qxf6 15. dxc6 bxc6 16. Bf3 Bd7 17. b5 Rac8 18. Nde4 Qe7 19. Nxd6 Bxh3 20. Nxc8 Bxc8 21. Qe2 c5 22. Rfd1 f5 23. Rxd8 Qxd8 24. Bd5+ Kh7 25. Na4 Qe7 26. b6 e4 27. Rb1 axb6 28. Nxb6 Be6 29. a4 h5 30. a5 Qa7 31. Qd2 h4 32. Bxe6 Nxe6 33. Qd7 Qxa5 34. Qxe6 Qa2 35. Rf1 Qe2 36. Nd5 Qg4 37. Nf4 1-0

[Event "SWE-chT 0405"]
[Site "Sweden"]
[Date "2005.??.??"]
[Round "8"]
[White "Olsson, Anders"]
[Black "Couso, Luis"]
[Result "1-0"]
[WhiteElo "2501"]
[BlackElo "2447"]
[PlyCount "47"]
[EventDate "2004.11.05"]
[EventType "team"]
[EventRounds "11"]
[EventCountry "SWE"]
[SourceTitle "EXT 2006"]
[Source "ChessBase"]
[SourceDate "2005.11.24"]
[SourceVersion "1"]
[SourceVersionDate "2005.11.24"]
[SourceQuality "1"]
[WhiteTeam "Stockholm Rockaden"]
[BlackTeam "Sollentuna"]
[WhiteTeamCountry "SWE"]
[BlackTeamCountry "SWE"]

1. e4 d6 2. d4 g6 3. Nc3 Bg7 4. Be3 a6 5. Qd2 b5 6. h4 h6 7. f4 b4 8. Nd1 Nf6 9. Nf2 Nbd7 10. 0-0-0 e6 11. Ne2 Bb7 12. Ng3 c5 13. h5 Nxh5 14. Nxh5 gxh5 15. Be2 Qc7 16. Kb1 Nb6 17. b3 Rc8 18. dxc5 dxc5 19. Rxh5 Nd7 20. Bc4 Bc3 21. Qe2 Qa5 22. f5 Ne5 23. fxe6 fxe6 24. Rxe5 1-0

[Event "SWE-chT 0405"]
[Site "Sweden"]
[Date "2005.??.??"]
[Round "10"]
[White "Ziegler, Ari"]
[Black "Olsson, Anders"]
[Result "0-1"]
[WhiteElo "2416"]
[BlackElo "2501"]
[PlyCount "66"]
[EventDate "2004.11.05"]
[EventType "team"]
[EventRounds "11"]
[EventCountry "SWE"]
[SourceTitle "EXT 2006"]
[Source "ChessBase"]
[SourceDate "2005.11.24"]
[SourceVersion "1"]
[SourceVersionDate "2005.11.24"]
[SourceQuality "1"]
[WhiteTeam "Skara"]
[BlackTeam "Stockholm Rockaden"]
[WhiteTeamCountry "SWE"]
[BlackTeamCountry "SWE"]

1. d4 Nf6 2. c4 g6 3. Nc3 Bg7 4. e4 d6 5. Nf3 0-0 6. Be2 e5 7. 0-0 Nc6 8. d5 Ne7 9. Ne1 Ne8 10. Be3 f5 11. f3 f4 12. Bf2 g5 13. c5 Rf6 14. a4 h5 15. a5 Rg6 16. Nb5 g4 17. cxd6 Nxd6 18. Bh4 a6 19. Nxd6 cxd6 20. Qb3 Bf6 21. Bxf6 Rxf6 22. Nd3 Ng6 23. fxg4 hxg4 24. Nf2 f3 25. gxf3 Nf4 26. Bd1 gxf3 27. Bxf3 Rh6 28. Bg4 Qh4 29. h3 Bxg4 30. Nxg4 Nxh3+ 31. Qxh3 Qxh3 32. Nxh6+ Qxh6 33. Ra3 Kh8 0-1

[Event "SWE-ch"]
[Site "Gothenburg"]
[Date "2004.07.14"]
[Round "5"]
[White "Olsson, Anders"]
[Black "Brynell, Stellan"]
[Result "0-1"]
[WhiteElo "2426"]
[BlackElo "2459"]
[PlyCount "38"]
[EventDate "2004.07.10"]
[EventType "tourn"]
[EventRounds "13"]
[EventCountry "SWE"]
[EventCategory "8"]
[SourceTitle "CBM 101 Extra"]
[Source "ChessBase"]
[SourceDate "2004.09.01"]
[SourceVersion "2"]
[SourceVersionDate "2004.09.01"]
[SourceQuality "1"]

1. e4 e6 2. d4 d5 3. Nd2 c5 4. Ngf3 a6 5. exd5 exd5 6. dxc5 Bxc5 7. Nb3 Bb6 8. Be2 Nf6 9. 0-0 0-0 10. Nfd4 Nc6 11. c3 Re8 12. Re1 Qd6 13. g3 Bh3 14. Be3 Ne5 15. Qc2 Nfg4 16. Bf4 Qf6 17. Bd3 Nxd3 18. Qxd3 g5 19. Be3 Rxe3 0-1

[Event "SWE-ch"]
[Site "Gothenburg"]
[Date "2004.07.12"]
[Round "3"]
[White "Olsson, Anders"]
[Black "Akesson, Ralf"]
[Result "1-0"]
[WhiteElo "2426"]
[BlackElo "2485"]
[PlyCount "109"]
[EventDate "2004.07.10"]
[EventType "tourn"]
[EventRounds "13"]
[EventCountry "SWE"]
[EventCategory "8"]
[SourceTitle "CBM 101 Extra"]
[Source "ChessBase"]
[SourceDate "2004.09.01"]
[SourceVersion "2"]
[SourceVersionDate "2004.09.01"]
[SourceQuality "1"]

1. e4 c6 2. d4 d5 3. e5 Bf5 4. Nf3 e6 5. Be2 Nd7 6. 0-0 Bg6 7. Be3 Nh6 8. Bxh6 gxh6 9. Bd3 Bg7 10. Bxg6 hxg6 11. Qd3 0-0 12. Nbd2 g5 13. h3 f6 14. exf6 Qxf6 15. Rae1 Rfe8 16. c4 Re7 17. Re3 Nb6 18. Ne5 dxc4 19. Ndxc4 Nxc4 20. Qxc4 Qf5 21. Rfe1 Rf8 22. Rf3 Qh7 23. Rxf8+ Bxf8 24. Nd3 Qg6 25. f4 Bg7 26. fxg5 hxg5 27. Qc5 Rd7 28. Ne5 Bxe5 29. Qxe5 a6 30. Re3 Kh7 31. Qxe6 Qxe6 32. Rxe6 Kg7 33. Kf2 Kf7 34. Re4 Rd5 35. Ke3 Kf6 36. Re8 Rd7 37. Ke4 Rh7 38. Rf8+ Ke6 39. Rf3 Rh4+ 40. Kd3 Rh7 41. Ke4 Rh4+ 42. Kd3 Rh8 43. Kc4 Rd8 44. Re3+ Kf6 45. Re5 Rd7 46. Kc5 Rd8 47. a4 Rd7 48. a5 Rd8 49. b4 Rd7 50. g4 Rd8 51. Rf5+ Kg6 52. d5 cxd5 53. Rxd5 Rc8+ 54. Kb6 Rc4 55. b5 1-0

[Event "SWE-chT 0405"]
[Site "Sweden"]
[Date "2004.??.??"]
[Round "5"]
[White "Lyrberg, Patrik"]
[Black "Olsson, Anders"]
[Result "0-1"]
[WhiteElo "2591"]
[BlackElo "2471"]
[PlyCount "38"]
[EventDate "2004.11.05"]
[EventType "team"]
[EventRounds "11"]
[EventCountry "SWE"]
[SourceTitle "EXT 2006"]
[Source "ChessBase"]
[SourceDate "2005.11.24"]
[SourceVersion "1"]
[SourceVersionDate "2005.11.24"]
[SourceQuality "1"]
[WhiteTeam "Wasa"]
[BlackTeam "Stockholm Rockaden"]
[WhiteTeamCountry "SWE"]
[BlackTeamCountry "SWE"]

1. d4 Nf6 2. c4 g6 3. Nc3 Bg7 4. e4 d6 5. Nf3 0-0 6. Be2 e5 7. d5 a5 8. Nd2 Na6 9. g4 Nc5 10. h4 a4 11. f3 h5 12. Nf1 hxg4 13. Ng3 gxf3 14. Bxf3 Nh7 15. h5 Ng5 16. Bg2 f5 17. hxg6 f4 18. Bf1 fxg3 19. Qh5 Rf4 0-1

[Event "SWE-ch"]
[Site "Umea"]
[Date "2003.07.11"]
[Round "12"]
[White "Olsson, Anders"]
[Black "Lindberg, Bengt"]
[Result "1-0"]
[WhiteElo "2383"]
[BlackElo "2392"]
[PlyCount "87"]
[EventDate "2003.06.29"]
[EventType "tourn"]
[EventRounds "13"]
[EventCountry "SWE"]
[EventCategory "9"]
[SourceTitle "EXT 2004"]
[Source "ChessBase"]
[SourceDate "2003.11.25"]
[SourceVersion "1"]
[SourceVersionDate "2003.11.25"]
[SourceQuality "1"]

1. e4 c5 2. Nf3 e6 3. d4 cxd4 4. Nxd4 a6 5. Nc3 Qc7 6. g3 Nf6 7. Bg2 Be7 8. 0-0 0-0 9. f4 d6 10. a4 Nc6 11. Kh1 Bd7 12. Nb3 b6 13. g4 Bc8 14. g5 Nd7 15. Be3 Re8 16. Rf3 Rb8 17. Rh3 b5 18. axb5 axb5 19. f5 b4 20. fxe6 fxe6 21. Qh5 Nf8 22. Qxe8 bxc3 23. bxc3 Bb7 24. Qh5 Ne5 25. Bd4 Neg6 26. Be3 Rc8 27. Ra7 Qb8 28. Qd1 Ba8 29. Qa1 e5 30. Rg3 Re8 31. Kg1 Ne6 32. c4 Nef4 33. Bf3 Rf8 34. Nd2 Qe8 35. c5 d5 36. Rxa8 Qxa8 37. Qxa8 Rxa8 38. exd5 Ra3 39. Kf2 Rc3 40. d6 Bxg5 41. Rxg5 Nh3+ 42. Ke2 Rxe3+ 43. Kxe3 Nxg5 44. d7 1-0